| 000 | 004110000a22001690004500 | ||
|---|---|---|---|
| 003 | MACL | ||
| 005 | 20160110134858.0 | ||
| 008 | 160110b xxu||||| |||| 00| 0 eng d | ||
| 040 |
_aMACL _cMACL |
||
| 041 | _aEnglish | ||
| 082 | _a800 | ||
| 100 |
_aTrubner & Co Ltd _924217 |
||
| 245 | _aKey to Interlingua | ||
| 260 |
_bTrubner & Co Ltd _c1931 _aBritain |
||
| 650 |
_aLiterature _930968 |
||
| 942 |
_cBK _k800 _2ddc |
||
| 999 |
_c38507 _d38507 |
||